Pena y Estado: función simbólica de la pena

Saved in:
Bibliografiske detaljer
Hovedforfatter: Bustos Ramírez, Juan (Author)
Format: Bog
Sprog:spansk
Udgivet: Santiago Jurídica ConoSur 1995
Fag:
Tags: Tilføj Tag
Ingen Tags, Vær først til at tagge denne postø!

MARC

LEADER 00000nam a2200000 a 4500
001 UCZ1899
003 CL-VaPUC
008 950914e19950000CL |||||||||||||||||spa|d
082 0 4 |a 345  |b BUS  |2 21 
100 |a Bustos Ramírez, Juan  |e author  |9 295262 
245 1 0 |a Pena y Estado: función simbólica de la pena 
300 |a 122 p 
942 |c BK 
945 |d 19950914 00:00:00  |a awong 
260 |a Santiago  |b Jurídica ConoSur  |c 1995 
650 7 |a PENA  |2 CL-VaPUC  |9 336490 
650 7 |a DERECHO PENAL  |2 CL-VaPUC  |9 11 
583 |a last modification  |c 19950914 00:00:00  |k Rodrigo Vera 
999 |c 238576  |d 238574 
952 |0 0  |1 0  |4 0  |6 345_000000000000000_BUS_1995  |7 0  |8 A  |9 248853  |a BIBDER  |b BIBDER  |d 2019-11-18  |i 313167K  |o 345 BUS 1995  |p 313167K  |r 2023-01-25  |w 2019-11-18  |y BK  |k DER